书目信息 |
| 题名: |
上海美协五十年
|
|
| 作者: | ;《上海美协50年》编委会 编 | |
| 分册: | ||
| 出版信息: | 上海 文汇出版社 2004.04 |
|
| 页数: | 173页 | |
| 开本: | 29cm | |
| 丛书名: | ||
| 单 册: | ||
| 中图分类: | J120.97 | |
| 科图分类: | ||
| 主题词: | 上海市美术家协会--shang hai shi mei shu jia xie hui--史料 | |
| 电子资源: | ||
| ISBN: | 7-80676-612-X | |
| 000 | 00861nam0 2200241 450 | |
| 001 | 012008313891 | |
| 005 | 20080422132739.62 | |
| 010 | @a7-80676-612-X@dCNY96.00 | |
| 100 | @a20080421d2004 km y0chiy0120 ea | |
| 101 | 0 | @achi |
| 102 | @aCN@b310000 | |
| 105 | @aa z 000yd | |
| 106 | @ar | |
| 200 | 1 | @a上海美协五十年@Ashang hai mei xie wu shi nian |
| 210 | @a上海@c文汇出版社@d2004.04 | |
| 215 | @a173页@c图@d29cm | |
| 304 | @a本书编者取于版权页。 | |
| 330 | @a本书是文图形式的上海市美术家协会成立五十周年纪念册,阐述了上海美协的机构沿革及其使命,其地位与作用,并展示美协五十年来的优秀美术作品等。 | |
| 606 | 0 | @a上海市美术家协会@Ashang hai shi mei shu jia xie hui@x史料 |
| 690 | @aJ120.97@v4 | |
| 711 | 02 | @a《上海美协50年》编委会@A《shang hai mei xie 50 nian》bian wei hui@4编 |
| 801 | 0 | @aCN@bQSSK@c20080422 |
| 905 | @b20700391@dJ120.97@eS198@f1 | |
| 上海美协五十年.-上海:文汇出版社,2004.04 |
| 173页:图;29cm |
| ISBN 7-80676-612-X:CNY96.00 |
| 本书是文图形式的上海市美术家协会成立五十周年纪念册,阐述了上海美协的机构沿革及其使命,其地位与作用,并展示美协五十年来的优秀美术作品等。 |
| ● |
| 相关链接 |
|
|
|
正题名:上海美协五十年
索取号:J120.97/S198
 
预约/预借
| 序号 | 登录号 | 条形码 | 馆藏地/架位号 | 状态 | 备注 |
| 1 | 700391 | 207003918 | 社科库309/309社科库 66排2列1层/ [索取号:J120.97/S198] | 在馆 |